00886nam a2200229 i 450000100060000000300090000600500170001500700030003200800410003510000370007624501630011325000150027626000540029130000380034549000190038370000270040270000320042983000270046185200310048899900170051995201200053680499ES-MaACL20250808022124.0t|041028s1953 sp ||||1| spa d1 aHitler, Adolf,d1889-194596383610aConversaciones sobre la guerra y la paz b: recogidas por orden de Martin Bormann / c[traducción de Alfredo Nieto ; prefacio y notas de E.P. de las Heras]. a[1ª ed.]. aBarcelona : bLuis de Caralt, c[1953] (fSimpar) aXIV, 316 p., 30 lám. ; c22 cm.1 aLa vida vivida1 aNieto, Alfredo.9856501 aHeras, E. P. de las.96263403aLa vida vivida9180877 aES-MaACLjC-6096 bR.34884 c80499d80499 00104070aATENEOMbATENEOMcSPALd2008-01-17eSCl0oC-6096p1084163r2023-02-23 00:00:00w2023-02-23yMONOGRAFIA